The missing peace : (Record no. 27715)

MARC details
000 -LEADER
campo de control de longitud fija 02005cam a22005414a 4500
001 - NÚMERO DE CONTROL
campo de control 83420
005 - FECHA Y HORA DE LA ÚLTIMA TRANSACCIÓN
campo de control 20230410103901.0
008 - DATOS DE LONGITUD FIJA--INFORMACIÓN GENERAL
campo de control de longitud fija 051227s2005 nyuab b 001 0 eng
010 ## - NÚMERO DE CONTROL DE LA BIBLIOTECA DEL CONGRESO
Número de control de LC 2005285122
035 ## - NÚMERO DE CONTROL DEL SISTEMA
Número de control de sistema (OCoLC)ocm62766175
040 ## - FUENTE DE CATALOGACIÓN
Centro catalogador/agencia de origen DLC
Centro/agencia transcriptor DLC
Centro/agencia modificador BAKER
-- BTCTA
-- YDXCP
-- YUS
-- JAI
-- IG#
020 ## - NÚMERO INTERNACIONAL ESTÁNDAR DEL LIBRO
Número Internacional Estándar del Libro 0374529809 (pbk.)
020 ## - NÚMERO INTERNACIONAL ESTÁNDAR DEL LIBRO
Número Internacional Estándar del Libro 9780374529802 (pbk.)
029 1# - OTRO NÚMERO DE CONTROL DE SISTEMA (OCLC)
Identificador de la biblioteca OCLC YDXCP
Número de control de sistema 2163220
029 1# - OTRO NÚMERO DE CONTROL DE SISTEMA (OCLC)
Identificador de la biblioteca OCLC NZ1
Número de control de sistema 10238100
029 1# - OTRO NÚMERO DE CONTROL DE SISTEMA (OCLC)
Identificador de la biblioteca OCLC AU@
Número de control de sistema 000040055225
029 1# - OTRO NÚMERO DE CONTROL DE SISTEMA (OCLC)
Identificador de la biblioteca OCLC NLGGC
Número de control de sistema 291638325
029 1# - OTRO NÚMERO DE CONTROL DE SISTEMA (OCLC)
Identificador de la biblioteca OCLC IG#
Número de control de sistema 9780374529802
035 ## - NÚMERO DE CONTROL DEL SISTEMA
Número de control de sistema (OCoLC)62766175
042 ## - CÓDIGO DE AUTENTICACIÓN
Código de autenticación pcc
043 ## - CÓDIGO DE ÁREA GEOGRÁFICA
Código de área geográfica a-is---
-- aw-----
-- n-us---
050 14 - SIGNATURA TOPOGRÁFICA DE LA BIBLIOTECA DEL CONGRESO
Número de clasificación 416 DS 119.76
Número de ítem R823m 2005
049 ## - FONDOS LOCALES (OCLC)
Biblioteca depositaria GRAL
100 1# - ENTRADA PRINCIPAL--NOMBRE DE PERSONA
Nombre de persona Ross, Dennis.
245 14 - MENCIÓN DEL TÍTULO
Título The missing peace :
Resto del título the inside story of the fight for Middle East peace /
Mención de responsabilidad, etc. Dennis Ross.
250 ## - MENCION DE EDICION
Mención de edición 1st pbk. ed.
260 ## - PUBLICACIÓN, DISTRIBUCIÓN, ETC.
Lugar de publicación, distribución, etc. New York :
Nombre del editor, distribuidor, etc. Farrar, Straus and Giroux,
Fecha de publicación, distribución, etc. 2005.
300 ## - DESCRIPCIÓN FÍSICA
Extensión 848 p. :
Otras características físicas ill., maps ;
Dimensiones 23 cm.
504 ## - NOTA DE BIBLIOGRAFÍA, ETC.
Nota de bibliografía, etc. Includes bibliographical references.
650 #0 - PUNTO DE ACCESO ADICIONAL DE MATERIA--TÉRMINO DE MATERIA
Término de materia o nombre geográfico como elemento de entrada Arab-Israeli conflict
Subdivisión cronológica 1993-
Subdivisión general Peace.
651 #0 - PUNTO DE ACCESO ADICIONAL DE MATERIA--NOMBRE GEOGRÁFICO
Nombre geográfico Israel
Subdivisión general Politics and government
Subdivisión cronológica 1993-
650 #0 - PUNTO DE ACCESO ADICIONAL DE MATERIA--TÉRMINO DE MATERIA
Término de materia o nombre geográfico como elemento de entrada Palestinian Arabs
Subdivisión general Politics and government.
600 10 - PUNTO DE ACCESO ADICIONAL DE MATERIA--NOMBRE DE PERSONA
Nombre de persona Ross, Dennis.
651 #0 - PUNTO DE ACCESO ADICIONAL DE MATERIA--NOMBRE GEOGRÁFICO
Nombre geográfico Middle East
Subdivisión general Foreign relations
Subdivisión geográfica United States.
651 #0 - PUNTO DE ACCESO ADICIONAL DE MATERIA--NOMBRE GEOGRÁFICO
Nombre geográfico United States
Subdivisión general Foreign relations
Subdivisión geográfica Middle East.
650 #4 - PUNTO DE ACCESO ADICIONAL DE MATERIA--TÉRMINO DE MATERIA
Término de materia o nombre geográfico como elemento de entrada Conflicto árabe-israelí
Subdivisión cronológica 1993
Subdivisión general Paz
651 #4 - PUNTO DE ACCESO ADICIONAL DE MATERIA--NOMBRE GEOGRÁFICO
Nombre geográfico Israel
Subdivisión general Política y gobierno
Subdivisión cronológica 1993-
651 #4 - PUNTO DE ACCESO ADICIONAL DE MATERIA--NOMBRE GEOGRÁFICO
Nombre geográfico Medio Oriente
Subdivisión general Relaciones
Subdivisión geográfica Estados Unidos.
856 42 - LOCALIZACIÓN Y ACCESO ELECTRÓNICOS
Materiales especificados Contributor biographical information
Identificador Uniforme de Recursos <a href="http://www.loc.gov/catdir/enhancements/fy0627/2005285122-b.html">http://www.loc.gov/catdir/enhancements/fy0627/2005285122-b.html</a>
856 42 - LOCALIZACIÓN Y ACCESO ELECTRÓNICOS
Materiales especificados Publisher description
Identificador Uniforme de Recursos <a href="http://www.loc.gov/catdir/enhancements/fy0627/2005285122-d.html">http://www.loc.gov/catdir/enhancements/fy0627/2005285122-d.html</a>
938 ## -
-- Baker and Taylor
-- BTCP
-- 2005285122
938 ## -
-- YBP Library Services
-- YANK
-- 2163220
938 ## -
-- Baker & Taylor
-- BKTY
-- 25.00
-- 18.75
-- 0374529809
-- 0006194639
-- active
938 ## -
-- Ingram
-- INGR
-- 9780374529802
942 ## - ELEMENTOS DE ENTRADA SECUNDARIOS (KOHA)
Fuente del sistema de clasificación o colocación Clasificación de Library of Congress
Tipo de ítem Koha
946 ## - PROCESAMIENTO DE INFORMACIÓN LOCAL (OCLC)
a kk
994 ## -
-- C0
-- DRFGD
Holdings
Estatus retirado Estado de pérdida Fuente del sistema de clasificación o colocación Estado de daño No para préstamo Colección Biblioteca de origen Biblioteca actual Ubicación en estantería Fecha de adquisición Serial enumeration / chronology Signatura topográfica completa Código de barras Visto por última vez Copia número Tipo de ítem Koha
    Clasificación de Library of Congress     Recursos Regionales Biblioteca Juan Bosch Biblioteca Juan Bosch Recursos Regionales (2do. Piso) 10/04/2023 1 416 DS 119.76 R823m 2005 00000074796 23/10/2018 1